| 000 | 00913nam a2200265Ia 4500 | ||
|---|---|---|---|
| 003 | OSt | ||
| 005 | 20220930082027.0 | ||
| 006 | a|||||r|||| 00| 0 | ||
| 007 | ta | ||
| 008 | 220926b |||||||| |||| 00| 0 hin d | ||
| 024 | _a109655 | ||
| 037 | _cTheses | ||
| 040 |
_aCRL _cCRL _bhin |
||
| 041 |
_2hin _ahin |
||
| 100 |
_aMishr Chhiteshwar Nath _9542591 |
||
| 110 |
_aVeer Bahadur Singh Poorvanchal University, Jaunpur. Snatkottar Mahavidhyalya, Gazipur. Department of Sanskrit _9542592 |
||
| 245 | 0 |
_aChankya suttra _b Ek alochnatmak adhyayan |
|
| 260 | _c2005 | ||
| 300 |
_a235p. _ap. _ccm. |
||
| 650 | _aSANSKRIT | ||
| 700 |
_a Dr. Yudhishthir Tewari Gu. _9542593 |
||
| 700 |
_aVeer Bahadur Singh Poorvanchal University, Jaunpur. Snatkottar Mahavidhyalya, Gazipur. Department of Sanskrit _9542594 |
||
| 942 |
_cDIS _2CC |
||
| 999 |
_c872390 _d872390 |
||